Política sindical y comunicación (Record no. 13059)
[ view plain ]
| 000 -CABECERA | |
|---|---|
| campo de control de longitud fija | 00679caa a22001692a 4500 |
| 001 - NÚMERO DE CONTROL | |
| campo de control | 007245 |
| 003 - IDENTIFICADOR DEL NÚMERO DE CONTROL | |
| campo de control | AR-FADEU |
| 008 - DATOS DE LONGITUD FIJA--INFORMACIÓN GENERAL | |
| campo de control de longitud fija | 311216n########xxu####################dd |
| 092 ## - ASIGNACIÓN LOCAL DE SIGNATURA TOPOGRÁFICA DEWEY (OCLC) | |
| Número de clasificación | 302.24 |
| Número de documento/Ítem | C728com |
| 100 ## - ENTRADA PRINCIPAL--NOMBRE DE PERSONA | |
| Nombre de persona | Milito, Carlos |
| 245 ## - MENCIÓN DE TÍTULO | |
| Título | Política sindical y comunicación |
| 300 ## - DESCRIPCIÓN FÍSICA | |
| Extensión | PP. 101-116 |
| 500 ## - NOTA GENERAL | |
| Nota general | En: La comunicación y la política desde y en las organizaciones sociales : ponencias. La Plata : Ediciones de periodismo y comunicación, 1997 |
| 700 ## - PUNTO DE ACCESO ADICIONAL--NOMBRE DE PERSONA | |
| Nombre de persona | Paula I., Porta |
| 773 0# - ENLACE AL DOCUMENTO FUENTE/ENTRADA DE REGISTRO ANFITRIÓN | |
| Número bibliográfico anfitrión | 13051 |
| Número de ítem anfitrión | 11834 |
| Encabezamiento principal | |
| Edición | |
| Lugar, editor y fecha de publicación | La Plata |
| Otro identificador del documento | 13281 |
| Título | La COMUNICACION y la política desde y e las organizaciones sociales : ponencias |
| Número de control del registro | ( AR-FADEU) 007237 |
| Número Internacional Normalizado para Publicaciones Seriadas | |
| Número Internacional Estándar del Libro | 95034-105-4 |
| 942 ## - ELEMENTOS DE PUNTO DE ACCESO ADICIONAL (KOHA) | |
| Tipo de ítem Koha | BDGR |
No items available.